00463nam a2200181 a 4500001001300000003000900013005001700022008004100039020000900080082001700089100003000106245002100136260003200157300000900189500003500198650001800233700003000251nice12345678IN_TiNIC20260116014254.0080923s2008 luca grp 000 0 urd  ac6000a297.82bMOO1 aMoosvi, Syed Faizul Hasan aDarbaar-E-yazeed aLucknowbNizami Pressc2008 a163p aincludes index and biblioraphy aShiah-History1 aMoosvi, Syed Faizul Hasan